<?xml version="1.0" encoding="UTF-8"?>
<collection xmlns="http://www.loc.gov/MARC21/slim">
<record>
  <controlfield tag="001">162802</controlfield>
  <controlfield tag="005">20251017144637.0</controlfield>
  <datafield tag="024" ind1="8" ind2=" ">
    <subfield code="2">sideral</subfield>
    <subfield code="a">145354</subfield>
  </datafield>
  <datafield tag="037" ind1=" " ind2=" ">
    <subfield code="a">ART-2025-145354</subfield>
  </datafield>
  <datafield tag="041" ind1=" " ind2=" ">
    <subfield code="a">spa</subfield>
  </datafield>
  <datafield tag="100" ind1=" " ind2=" ">
    <subfield code="a">Allo Flores, F.</subfield>
  </datafield>
  <datafield tag="245" ind1=" " ind2=" ">
    <subfield code="a">Idiosincrasia del Grado en Estudios para la Defensa y Seguridad. Un  momento propicio para diseñar un nuevo plan de estudios</subfield>
  </datafield>
  <datafield tag="260" ind1=" " ind2=" ">
    <subfield code="c">2025</subfield>
  </datafield>
  <datafield tag="506" ind1="0" ind2=" ">
    <subfield code="a">Access copy available to the general public</subfield>
    <subfield code="f">Unrestricted</subfield>
  </datafield>
  <datafield tag="520" ind1="3" ind2=" ">
    <subfield code="a">El nuevo Grado en Estudios para la Defensa y la Seguridad, que forma parte del actual currículo, se diseñó teniendo como principal referencia el Perfil de egreso del oficial del Cuerpo General del Ejército de Tierra, establecido en 2022 por el General de Ejército Jefe de Estado Mayor del Ejército de Tierra.  
Este título universitario, específico para los futuros oficiales del Cuerpo General, destaca por cuatro características que lo hacen especialmente valioso y adecuado en el contexto actual de la educación superior: 1) el enfoque interdisciplinar, 2) las competencias transversales en las que el liderazgo actúa como núcleo vertebrador; 3) la flexibilidad para adaptarse a los cambios necesarios con rapidez y 4) su diseño curricular que ha puesto al alumnado en centro de atención.</subfield>
  </datafield>
  <datafield tag="540" ind1=" " ind2=" ">
    <subfield code="9">info:eu-repo/semantics/openAccess</subfield>
    <subfield code="a">by-nc-nd</subfield>
    <subfield code="u">https://creativecommons.org/licenses/by-nc-nd/4.0/deed.es</subfield>
  </datafield>
  <datafield tag="655" ind1=" " ind2="4">
    <subfield code="a">info:eu-repo/semantics/article</subfield>
    <subfield code="v">info:eu-repo/semantics/publishedVersion</subfield>
  </datafield>
  <datafield tag="700" ind1=" " ind2=" ">
    <subfield code="a">Gil Albarova, Amaya</subfield>
    <subfield code="0">(orcid)0000-0002-4756-4853</subfield>
  </datafield>
  <datafield tag="773" ind1=" " ind2=" ">
    <subfield code="g">997 (2025), 70-74</subfield>
    <subfield code="p">Ejército tierra esp.</subfield>
    <subfield code="t">Ejército de Tierra Español</subfield>
    <subfield code="x">1696-7178</subfield>
  </datafield>
  <datafield tag="856" ind1="4" ind2=" ">
    <subfield code="s">1492210</subfield>
    <subfield code="u">http://zaguan.unizar.es/record/162802/files/texto_completo.pdf</subfield>
    <subfield code="y">Versión publicada</subfield>
  </datafield>
  <datafield tag="856" ind1="4" ind2=" ">
    <subfield code="s">2897384</subfield>
    <subfield code="u">http://zaguan.unizar.es/record/162802/files/texto_completo.jpg?subformat=icon</subfield>
    <subfield code="x">icon</subfield>
    <subfield code="y">Versión publicada</subfield>
  </datafield>
  <datafield tag="909" ind1="C" ind2="O">
    <subfield code="o">oai:zaguan.unizar.es:162802</subfield>
    <subfield code="p">articulos</subfield>
    <subfield code="p">driver</subfield>
  </datafield>
  <datafield tag="951" ind1=" " ind2=" ">
    <subfield code="a">2025-10-17-14:30:02</subfield>
  </datafield>
  <datafield tag="980" ind1=" " ind2=" ">
    <subfield code="a">ARTICLE</subfield>
  </datafield>
</record>
</collection>